Central Library and Information Centre
Sibsagar Girls' College, Sivasagar : Assam

ENGAGING FREEDOM (Record no. 28076)

MARC details
000 -LEADER
fixed length control field 00668cam a2200217ua 4500
001 - CONTROL NUMBER
control field 24829
008 - FIXED-LENGTH DATA ELEMENTS--GENERAL INFORMATION
fixed length control field 190619n2009 II |||gr||||Z||||||eng
082 ## - DEWEY DECIMAL CLASSIFICATION NUMBER
Classification number 320
245 ## - TITLE STATEMENT
Title ENGAGING FREEDOM
Medium Textual Documents
250 ## - EDITION STATEMENT
Edition statement 1ST.
260 ## - PUBLICATION, DISTRIBUTION, ETC.
Place of publication, distribution, etc. GUWAHATI
Name of publisher, distributor, etc. DVS PUBLISHERS
Date of publication, distribution, etc. 2009
300 ## - PHYSICAL DESCRIPTION
Extent 220:
Dimensions 20CM.
500 ## - GENERAL NOTE
General note RUSA
653 ## - INDEX TERM--UNCONTROLLED
Uncontrolled term Political science
700 ## - ADDED ENTRY--PERSONAL NAME
Personal name BHAGAWATI, DHIREN,
Relator term AUTHOR.
Holdings
Withdrawn status Lost status Source of classification or shelving scheme Damaged status Not for loan Collection code Home library Current library Shelving location Date acquired Source of acquisition Cost, normal purchase price Full call number Barcode Date last seen Price effective from Koha item type Public note
    Dewey Decimal Classification     TBPSC Central Library and Information Centre Sibsagar Girls College Central Library and Information Centre Sibsagar Girls College POLITICAL SC BOOK RACK 31.10.2017 Bani Mandir 495.00 320 BHA 40920 01.07.2022 01.07.2022 Books V
    Dewey Decimal Classification     TBPSC Central Library and Information Centre Sibsagar Girls College Central Library and Information Centre Sibsagar Girls College POLITICAL SC BOOK RACK 31.10.2017 Bani Mandir 495.00 320 BHA 40921 01.07.2022 01.07.2022 Books V
    Dewey Decimal Classification     TBPSC Central Library and Information Centre Sibsagar Girls College Central Library and Information Centre Sibsagar Girls College POLITICAL SC BOOK RACK 31.10.2017 Bani Mandir 495.00 320 BHA 40922 01.07.2022 01.07.2022 Books V
    Dewey Decimal Classification     TBPSC Central Library and Information Centre Sibsagar Girls College Central Library and Information Centre Sibsagar Girls College POLITICAL SC BOOK RACK 31.10.2017 Bani Mandir 495.00 320 BHA 40923 01.07.2022 01.07.2022 Books V
    Dewey Decimal Classification     TBPSC Central Library and Information Centre Sibsagar Girls College Central Library and Information Centre Sibsagar Girls College POLITICAL SC BOOK RACK 31.10.2017 Bani Mandir 495.00 320 BHA 40924 01.07.2022 01.07.2022 Books V


Sibsagar Girl's College © 2020. All rights reserved.
Powered by Koha.
Maintained by Abhijit Borpuzari.